| 000 | 00416 a2200169 4500 | ||
|---|---|---|---|
| 001 | 81757 | ||
| 020 | _a9780073530451 | ||
| 082 | _a658.3 KRE | ||
| 090 |
_c39819 _d39819 |
||
| 100 | _aRobert Kreitner ;Angelo Kinicki | ||
| 245 |
_aOrganizational Behavior 9th/ed _hEnglish |
||
| 250 | _a9 | ||
| 260 |
_aUSA _bMcGraw Hill _c2010 |
||
| 300 | _axxxii 662 | ||
| 500 | _aDOS BS Reference Books | ||
| 505 | _aAHQ Books | ||
| 942 |
_acaenust _k658.3 KRE |
||
| 999 |
_c316830 _d316830 |
||